[Event "EU-ch Amateur U2000"]
[Site "Zagreb"]
[Date "2022.08.21"]
[Round "9"]
[White "Alashtar, Asef"]
[Black "Babaja, Mladen"]
[Result "1-0"]
[WhiteElo "1995"]
[BlackElo "1795"]
[PlyCount "73"]
[EventDate "2022.08.14"]
[EventType "swiss"]
[EventRounds "9"]
[EventCountry "CRO"]
[SourceTitle "CBM 210 Extra"]
[Source "ChessBase"]
[SourceDate "2022.11.30"]
[SourceVersion "1"]
[SourceVersionDate "2022.11.30"]
[SourceQuality "1"]

1. b3 Nc6 2. Bb2 e5 3. e3 d6 4. Bb5 Bd7 5. d4 exd4 6. exd4 Qe7+ 7. Ne2 a6 8. Bc4 Nf6 9. Nbc3 Na5 10. 0-0 Nxc4 11. bxc4 Bg4 12. f3 Bh5 13. Re1 Qe3+ 14. Kh1 0-0-0 15. Ng3 Qh6 16. Bc1 Qg6 17. Nce2 Re8 18. Nf4 Rxe1+ 19. Qxe1 Qxc2 20. Nfxh5 Kd7 21. Nxf6+ gxf6 22. Qe2 Qg6 23. Bf4 f5 24. Re1 Bg7 25. Qe7+ Kc8 26. c5 Bf6 27. Qe3 dxc5 28. dxc5 Rd8 29. c6 Bd4 30. cxb7+ Kxb7 31. Qe7 Rc8 32. a4 a5 33. Qd7 Bf2 34. Rb1+ Bb6 35. Nxf5 Qe6 36. Nd6+ Ka8 37. Qc6+ 1-0

[Event "EU-ch Amateur U2000"]
[Site "Zagreb"]
[Date "2022.08.18"]
[Round "6"]
[White "Hrupacki, Milan"]
[Black "Babaja, Mladen"]
[Result "0-1"]
[WhiteElo "1937"]
[BlackElo "1795"]
[PlyCount "112"]
[EventDate "2022.08.14"]
[EventType "swiss"]
[EventRounds "9"]
[EventCountry "CRO"]
[SourceTitle "CBM 210 Extra"]
[Source "ChessBase"]
[SourceDate "2022.11.30"]
[SourceVersion "1"]
[SourceVersionDate "2022.11.30"]
[SourceQuality "1"]

1. e4 c5 2. f4 g6 3. Nf3 Nc6 4. Bc4 e6 5. Nc3 a6 6. a4 Nge7 7. d4 d5 8. Be2 cxd4 9. Nxd4 Bg7 10. e5 Qb6 11. Nb3 d4 12. Ne4 0-0 13. a5 Qa7 14. Bd3 Rd8 15. 0-0 b5 16. axb6 Qxb6 17. Bd2 a5 18. Nec5 Nd5 19. Qe1 Bf8 20. Na4 Qa7 21. Rf3 Bb4 22. Rh3 Qe7 23. c3 dxc3 24. bxc3 Qa7+ 25. Kh1 Be7 26. Be4 Bb7 27. c4 Ndb4 28. Be3 Qb8 29. Bc5 Qc7 30. Bb6 Qd7 31. Nac5 Qc8 32. Bxd8 Bxd8 33. Nd4 Rb8 34. Nxb7 Nxd4 35. Nd6 Qc5 36. Qe3 Be7 37. Nb7 Qxc4 38. Nxa5 Qc5 39. Nb3 Nxb3 40. Qxb3 Qd4 41. Re1 Na6 42. Qe3 Qd8 43. g4 Bc5 44. Qe2 Nc7 45. f5 Nd5 46. Rd3 Rb4 47. Red1 Qg5 48. Bxd5 Rxg4 49. Bg2 gxf5 50. Rd8+ Kg7 51. Rc8 Be3 52. Rc7 Rh4 53. Rdd7 Rxh2+ 54. Kxh2 Qf4+ 55. Kh1 Qh6+ 56. Bh3 Qxh3+ 0-1